Statistics for Ultimate Picture Quiz

Click here to take the quiz!

General Stats

  • This quiz has been taken 57 times
  • The average score is 4 of 15

Answer Stats

Answer% Correct
Kimono
49%
Citroen
47%
Chiquita
35%
Seth Rogen
33%
Croatia
31%
Lincoln
31%
Dean Martin
27%
Mortons
27%
Tivo
25%
Mauritania
22%
Lauren Bacall
20%
Cape Verde
18%
Maldives
16%
Blue Tang
8%
Thailand
4%

Score Distribution

Percentile by Number Answered

Percent of People with Each Score

Your Score History

You have not taken this quiz